[Event "Camaguey ESPA Cup (Women)"]
[Site "Camaguey"]
[Date "2007.05.19"]
[Round "4"]
[White "Rodriguez Guevara, Celia M"]
[Black "Valladares Caride, Mairim"]
[Result "0-1"]
[WhiteElo "1977"]
[BlackElo "1999"]
[PlyCount "88"]
[EventDate "2007.05.16"]
[EventType "tourn"]
[EventRounds "14"]
[EventCountry "CUB"]
[SourceTitle "EXT 2019"]
[Source "ChessBase"]
[SourceDate "2018.10.10"]
[SourceVersion "1"]
[SourceVersionDate "2018.10.10"]
[SourceQuality "1"]

1. Nf3 Nf6 2. g3 d6 3. Bg2 e5 4. d3 g6 5. e4 Bg7 6. Nbd2 Nc6 7. c3 0-0 8. 0-0 Kh8 9. Nc4 Be6 10. Ne3 h6 11. Bd2 Qc8 12. Re1 Bh3 13. Bh1 Nh5 14. Nh4 Kh7 15. Bf3 Nf6 16. Bh1 Ng8 17. Qf3 Be6 18. Qd1 Nce7 19. Qc1 f5 20. exf5 gxf5 21. Nc2 Bf6 22. Nf3 Rf7 23. c4 Rg7 24. d4 e4 25. d5 Bd7 26. Nfd4 Qe8 27. Ne2 Be5 28. Bf4 Qh5 29. Bg2 Ng6 30. Bd2 Rf8 31. Nf4 Nxf4 32. Bxf4 Bxf4 33. Qxf4 Rg4 34. Qd2 f4 35. Bxe4+ Bf5 36. Bf3 Qh3 37. Bxg4 Bxg4 38. Qd3+ Bf5 39. Qd2 f3 40. Ne3 Nf6 41. Qd1 Be4 42. Qd4 Kg8 43. c5 Ng4 44. Rac1 Qxh2+ 0-1

[Event "Camaguey ESPA Cup (Women)"]
[Site "Camaguey"]
[Date "2007.05.17"]
[Round "2"]
[White "Sanchez Rodriguez, Yamila"]
[Black "Valladares Caride, Mairim"]
[Result "1/2-1/2"]
[WhiteElo "2023"]
[BlackElo "1999"]
[PlyCount "117"]
[EventDate "2007.05.16"]
[EventType "tourn"]
[EventRounds "14"]
[EventCountry "CUB"]
[SourceTitle "EXT 2019"]
[Source "ChessBase"]
[SourceDate "2018.10.10"]
[SourceVersion "1"]
[SourceVersionDate "2018.10.10"]
[SourceQuality "1"]

1. e4 e5 2. Nf3 Nf6 3. Nxe5 d6 4. Nf3 Nxe4 5. d3 Nf6 6. Be2 Be7 7. 0-0 0-0 8. Nc3 Bg4 9. Bf4 Nc6 10. Re1 Qd7 11. Qd2 Rfe8 12. h3 Bh5 13. Nh2 Bg6 14. Ng4 Nd4 15. Nxf6+ Bxf6 16. Bg4 Qc6 17. Re3 h5 18. Bd1 Nf5 19. Bf3 Qb6 20. Na4 Qb5 21. Re4 Nd4 22. Rxe8+ Rxe8 23. Bd1 Ne6 24. c4 Qf5 25. Be3 Qxd3 26. Qa5 a6 27. Rc1 Qf5 28. Qxf5 Bxf5 29. Bxh5 Nd4 30. Nc3 g6 31. Bd1 c6 32. b3 Bd7 33. Ne2 Nxe2+ 34. Bxe2 Bd4 35. Bxd4 Rxe2 36. a3 Be6 37. Rd1 d5 38. Bf6 Kf8 39. cxd5 Bxd5 40. b4 Ra2 41. Rd3 Re2 42. Rd4 Re4 43. Rxe4 Bxe4 44. f3 Bd5 45. Kf2 Bc4 46. g4 Be6 47. h4 Bd5 48. Kg3 Ke8 49. h5 gxh5 50. gxh5 Kf8 51. h6 Kg8 52. Kf4 Kh7 53. Bg7 b6 54. Bf8 a5 55. bxa5 bxa5 56. Kf5 a4 57. f4 Bb3 58. Ke4 Bd5+ 59. Kd4 1/2-1/2